000
00195nam a2200085Ia 4500
008
250605s9999 xx 000 0 und d
041
_a
eng
100
_a
Divita Sharma
245
_a
Reliance Jio Studios
999
_c
44513
_d
44513